000 01175nam a2200301 i 4500
001 bg
003 BPK
005 20191024140502.0
008 980702s1996 pl a f |000 0 pol
015 _aPB 1996/6946
020 _a8302061603
040 _aWA N
_cBPK
080 _a621.38
080 _a(075.3+076)
100 1 _aChwaleba, Augustyn.
245 1 0 _aPracownia elektroniczna :
_belementy układów elektronicznych /
_cA. Chwaleba, B. Moeschke, M. Pilawski.
250 _aWyd. 5 popr.
260 _aWarszawa :
_bWydawnictwa Szkolne i Pedagogiczne,
_c1996.
300 _a178, [1] s. :
_brys., wykr. ;
_c24 cm.
521 _aDla uczniów kl. II technikum elektronicznego wszystkich specjalności oraz jako książka pomocnicza dla pracowników zatrudnionych przy eksploatacji i obsłudze urządzeń elektronicznych.
655 4 _aPodręcznik
650 4 _aUkład elektroniczny
700 1 _aMoeschke, Bogdan.
700 1 _aPilawski, Marek.
710 2 _aWydawnictwa Szkolne i Pedagogiczne.
_4pbl.
856 _uhttp://koha.tu.koszalin.pl/cgi-bin/koha/opac-detail.pl?biblionumber=51611
_yKatalog online BPK
942 _2UKD
_cKS
999 _c51611
_d51611